000
00340nam a2200157Ia 4500
003
OSt
008
191201s2013 xx 000 0 und d
082
_a
658.4
_b
LUO
100
_a
LUTHANS, Fred
245
0
_a
Organizational Behavior
250
_a
Rep
260
_a
New Delhi
_b
TMH
_c
2013
300
_a
574
650
_a
BBA
942
_2
ddc
_c
BK
999
_c
5929
_d
5929